000 00944nam a22002177a 4500
999 _c7889
_d7889
003 AR-CdUCM
008 190321b ||||| |||| 00| 0 spa d
040 _aMUNICIPALIDAD PROVINCIAL DEL CUSCO
_cBIBLIOTECA MUNICIPAL DEL CUSCO
082 _a793.31984 /
_bF76
100 _aFortun de Ponce, Julia Elena
_922304
245 _aLa danza de los diablos /
260 _aLa Paz :
_bMinisterio de Educación y Bellas Artes, Oficialia Mayor de Cultura Nacional,
_c1961.
300 _a108 páginas ;
_bláminas ;
_c23 cm.
505 _aContenido: Danzas bolivianas -- Danza de los diablos -- La diablada como farsa dialogada -- El mito y la leyenda -- El baile de los diablos como esquema coreográfico ...
650 _aDanzas - Bolivia
_922305
650 _aDanzas - Folklore
_922306
650 _aMúsica - Danza - Bolivia
_922307
710 _aBolivia. Ministerio de Educación y Bellas Artes
_922308
942 _2ddc
_cLIBROS
945 _alccs